000 00555nam a22001577a 4500
003 macl
005 20251009121914.0
008 251009b |||||||| |||| 00| 0 eng d
040 _cmacl
082 _a340
100 _aपराडकर,श्रीनिवास
_983357
245 _aमध्‍यप्रदेश वित्तीय शक्ति पुस्तिका भाग 1 और 2
260 _aइन्‍दौर
_bअमरर लाॅ पब्लिकेशन
_c2024
650 _aलॉ
_933609
942 _2ddc
_cHIN
999 _c68234
_d68234